[Event "Dieren op"]
[Site "Dieren"]
[Date "2013.08.01"]
[Round "9"]
[White "Evengroen, Jan"]
[Black "Bus, Tom"]
[Result "0-1"]
[WhiteElo "2066"]
[BlackElo "2110"]
[PlyCount "96"]
[EventDate "2013.07.23"]
[EventType "swiss"]
[EventRounds "9"]
[EventCountry "NED"]
[SourceTitle "OM OTB B 201907"]
[Source "Opening Master"]
[SourceDate "2019.07.06"]
[SourceVersion "2"]
[SourceVersionDate "2019.07.06"]
[SourceQuality "1"]

1. e4 c5 2. Nf3 Nc6 3. d4 cxd4 4. Nxd4 Nf6 5. Nc3 d6 6. Be2 e5 7. Nb3 Be7 8.
Be3 O-O 9. O-O Be6 10. Kh1 a5 11. f3 a4 12. Nd2 a3 13. Nc4 axb2 14. Rb1 b5 15.
Nxb5 d5 16. exd5 Nxd5 17. Bd2 Rxa2 18. Nxb2 Nd4 19. Nxd4 exd4 20. f4 Nc3 21.
Bxc3 dxc3 22. Nd3 Qa5 23. Ne5 Rd8 24. Bd3 Bd5 25. Qh5 g6 26. Qe2 Bf6 27. Nd7
Bxg2+ 28. Qxg2 Rxd7 29. Bc4 Rb2 30. Qc6 Qf5 31. Bb3 Kg7 32. Rbd1 Rxd1 33. Rxd1
Qxf4 34. Qg2 h5 35. Rf1 Qe5 36. Qb7 Kh6 37. Qc6 Kg7 38. Qb7 Qe8 39. Qd5 Qe7 40.
Qc6 Qd8 41. Qb7 Qe8 42. Qd5 Qe7 43. Qc6 Qe5 44. Qb7 Rxb3 45. cxb3 Qe2 46. Qg2
Qxg2+ 47. Kxg2 Bg5 48. h4 Bd2 0-1

[Event "Dvorkovich Memorial op 8th"]
[Site "Taganrog"]
[Date "2013.07.30"]
[Round "9"]
[White "Weetik, Vjacheslav"]
[Black "Kryakvin, Dmitry"]
[Result "0-1"]
[WhiteElo "2446"]
[BlackElo "2584"]
[PlyCount "78"]
[EventDate "2013.07.22"]
[EventType "swiss"]
[EventRounds "9"]
[EventCountry "RUS"]
[SourceTitle "OM OTB B 201907"]
[Source "Opening Master"]
[SourceDate "2019.07.06"]
[SourceVersion "2"]
[SourceVersionDate "2019.07.06"]
[SourceQuality "1"]

1. e4 c5 2. Nf3 d6 3. d4 cxd4 4. Nxd4 Nf6 5. Nc3 Nc6 6. Be2 e5 7. Nf3 h6 8. O-O
Be7 9. Re1 O-O 10. h3 a6 11. Bf1 b5 12. a4 b4 13. Nd5 Bb7 14. Bc4 Na5 15. Nxf6+
Bxf6 16. Bd5 Qc7 17. Nh2 Bxd5 18. Qxd5 h5 19. Nf1 Rfc8 20. Bd2 Nc4 21. Bxb4
Rab8 22. b3 Rxb4 23. bxc4 Bg5 24. Red1 Rxc4 25. Qxd6 Qxd6 26. Rxd6 Rxe4 27. Ng3
Rb4 28. Rxa6 Rxc2 29. a5 h4 30. Ra8+ Kh7 31. Nh1 Bf4 32. Kf1 Rbc4 33. g3 hxg3
34. a6 gxf2 35. Nxf2 Be3 36. Ng4 Rf4+ 37. Ke1 Bd4 38. a7 Bc3+ 39. Kd1 Rd2+ 0-1

[Event "FRM-chT 22nd"]
[Site "Struga"]
[Date "2013.07.30"]
[Round "2.5"]
[White "Petrov, Saravco"]
[Black "Gochev, Mladen"]
[Result "1/2-1/2"]
[WhiteElo "2117"]
[BlackElo "2266"]
[PlyCount "102"]
[EventDate "2013.07.29"]
[EventType "team-tourn"]
[EventRounds "7"]
[EventCountry "MKD"]
[SourceTitle "OM OTB B 201907"]
[Source "Opening Master"]
[SourceDate "2019.07.06"]
[SourceVersion "2"]
[SourceVersionDate "2019.07.06"]
[SourceQuality "1"]

1. e4 c5 2. Nf3 Nc6 3. d4 cxd4 4. Nxd4 Nf6 5. Nc3 d6 6. Be2 e5 7. Nb3 Be7 8.
O-O O-O 9. Be3 Be6 10. f3 Ne8 11. Qd2 h6 12. g3 f5 13. Nd5 fxe4 14. fxe4 Nf6
15. Nxf6+ Bxf6 16. Rad1 Bh3 17. Rf2 Be7 18. Rxf8+ Qxf8 19. Bf1 Be6 20. Bg2 Qf6
21. Na5 Nd8 22. Rf1 Qg6 23. Nb3 b6 24. Nc1 Nf7 25. Ne2 Bg5 26. Bxg5 Qxg5 27.
Qxg5 Nxg5 28. Nc3 Rc8 29. Rd1 Rc6 30. Rd2 a6 31. h4 Nh7 32. a4 Nf6 33. Bf1 Bc8
34. Be2 Kf7 35. Bf3 Ke7 36. Kf2 Be6 37. Ke3 Rc5 38. Be2 Bc8 39. Bf3 Bb7 40. g4
g5 41. hxg5 hxg5 42. Rh2 b5 43. axb5 axb5 44. Rd2 Bc6 45. Nd1 Bd7 46. Nf2 Rc8
47. c3 Ra8 48. Rd1 Ra2 49. Rd2 Ra4 50. Be2 Bc6 51. Bf3 Ke6 1/2-1/2

[Event "Sitges op 39th"]
[Site "Sitges"]
[Date "2013.07.29"]
[Round "7"]
[White "Kovchan, Alexander"]
[Black "Vittorino, Carlo Giovanni"]
[Result "1-0"]
[WhiteElo "2577"]
[BlackElo "2296"]
[PlyCount "79"]
[EventDate "2013.07.22"]
[EventType "swiss"]
[EventRounds "9"]
[EventCountry "ESP"]
[SourceTitle "OM OTB B 201907"]
[Source "Opening Master"]
[SourceDate "2019.07.06"]
[SourceVersion "2"]
[SourceVersionDate "2019.07.06"]
[SourceQuality "1"]

1. e4 c5 2. Nf3 d6 3. d4 cxd4 4. Nxd4 Nf6 5. Nc3 Nc6 6. Be2 e5 7. Nf3 h6 8. O-O
Be7 9. Re1 O-O 10. h3 Be6 11. Bf1 Nb8 12. Nd5 Nxd5 13. exd5 Bd7 14. c4 a5 15.
c5 dxc5 16. Nxe5 Bc8 17. Be3 Nd7 18. d6 Bf6 19. Nxd7 Bxd7 20. Bxc5 Rc8 21. Bd4
Rc6 22. Be5 Bxe5 23. Rxe5 Be6 24. d7 Qc7 25. Qe1 b6 26. Bb5 Rd6 27. Rc1 Qb8 28.
Rxe6 fxe6 29. a4 Qb7 30. Qe5 Qd5 31. Qxd5 Rxd5 32. Rc8 Rd1+ 33. Kh2 Kf7 34. h4
Ke7 35. Re8+ Kf7 36. h5 Rd5 37. g4 Rd4 38. f4 Rd1 39. f5 Rd2+ 40. Kg3 1-0

[Event "Dortmund Sparkassen op-A"]
[Site "Dortmund"]
[Date "2013.07.29"]
[Round "3"]
[White "Armbruester, Juergen"]
[Black "Zweschper, Erich"]
[Result "0-1"]
[WhiteElo "1954"]
[BlackElo "2116"]
[PlyCount "130"]
[EventDate "2013.07.27"]
[EventType "swiss"]
[EventRounds "9"]
[EventCountry "GER"]
[SourceTitle "OM OTB B 201907"]
[Source "Opening Master"]
[SourceDate "2019.07.06"]
[SourceVersion "2"]
[SourceVersionDate "2019.07.06"]
[SourceQuality "1"]

1. e4 c5 2. Nf3 Nc6 3. d4 cxd4 4. Nxd4 Nf6 5. Nc3 d6 6. Be2 e5 7. Nb3 Be7 8.
O-O Be6 9. f4 exf4 10. Bxf4 O-O 11. Nd5 Nxe4 12. Nxe7+ Nxe7 13. Bf3 d5 14. Qe2
f5 15. Nd4 Bd7 16. c4 Ng6 17. Be3 Re8 18. Bxe4 Rxe4 19. Qd2 Ne5 20. Nf3 Nxc4
21. Qxd5+ Be6 22. Qxd8+ Rxd8 23. Bxa7 Nd2 24. Rf2 Nxf3+ 25. gxf3 Ra4 26. Bb6
Rd6 27. Bc7 Rc6 28. Be5 Rxa2 29. Rxa2 Bxa2 30. Rd2 Be6 31. Kf2 Kf7 32. h4 g6
33. Kg3 Rc8 34. Bc3 h6 35. Rd4 g5 36. hxg5 hxg5 37. f4 g4 38. Rd2 Rc4 39. Rd4
Rc5 40. Rd2 Bd5 41. Rd4 Ke6 42. Rd2 b5 43. Re2+ Be4 44. Rd2 Rc4 45. Rd4 Rc7 46.
Rd2 Ra7 47. Be5 Ra1 48. Rd6+ Ke7 49. Rg6 Rh1 50. Kf2 Rh3 51. Rg8 Rf3+ 52. Ke2
Ke6 53. Rg6+ Kd5 54. Rd6+ Kc5 55. Rd1 g3 56. Rc1+ Kb4 57. Rg1 Rd3 58. Bf6 Kb3
59. Be5 Kc2 60. Bc3 g2 61. Be5 b4 62. Bf6 Rb3 63. Be5 Rxb2 64. Bxb2 Kxb2 65.
Kd2 b3 0-1

[Event "EU-chT Seniors 15th"]
[Site "Dresden"]
[Date "2013.07.28"]
[Round "9"]
[White "Faibisovich, Vadim Z"]
[Black "Gofshtein, Leonid D"]
[Result "1/2-1/2"]
[WhiteElo "2348"]
[BlackElo "2460"]
[PlyCount "48"]
[EventDate "2013.07.20"]
[EventType "team-swiss"]
[EventRounds "9"]
[EventCountry "GER"]
[SourceTitle "OM OTB B 201907"]
[Source "Opening Master"]
[SourceDate "2019.07.06"]
[SourceVersion "2"]
[SourceVersionDate "2019.07.06"]
[SourceQuality "1"]

1. e4 c5 2. Nf3 Nc6 3. d4 cxd4 4. Nxd4 Nf6 5. Nc3 d6 6. Be2 e5 7. Nf3 h6 8. O-O
Be7 9. b3 O-O 10. Bb2 a6 11. Nd2 Be6 12. a4 Na5 13. Bf3 Rc8 14. Re1 Nc6 15. Nd5
Bxd5 16. exd5 Nb4 17. Nc4 Nxc2 18. Qxc2 b5 19. axb5 axb5 20. Ra6 bxc4 21. bxc4
Nd7 22. Bg4 Rc7 23. Ba3 Nb8 24. Ra8 Rb7 1/2-1/2

[Event "EU-chT Seniors 15th"]
[Site "Dresden"]
[Date "2013.07.26"]
[Round "7"]
[White "Sollid, Stein"]
[Black "Schuetze, Hasso"]
[Result "1/2-1/2"]
[WhiteElo "2019"]
[BlackElo "2070"]
[PlyCount "57"]
[EventDate "2013.07.20"]
[EventType "team-swiss"]
[EventRounds "9"]
[EventCountry "GER"]
[SourceTitle "OM OTB B 201907"]
[Source "Opening Master"]
[SourceDate "2019.07.06"]
[SourceVersion "2"]
[SourceVersionDate "2019.07.06"]
[SourceQuality "1"]

1. e4 c5 2. Nf3 Nc6 3. d4 cxd4 4. Nxd4 Nf6 5. Nc3 d6 6. Be2 e5 7. Nb3 Be6 8.
O-O Be7 9. Be3 O-O 10. Qd2 Ng4 11. Bxg4 Bxg4 12. Nd5 Re8 13. Rac1 Bf8 14. c4 b6
15. Rc3 Bh5 16. Nc1 Bg6 17. f3 Rb8 18. Ne2 Qd7 19. Rd1 Kh8 20. Ng3 Rec8 21. Bf2
f6 22. b3 Rb7 23. Rd3 Bf7 24. Nf5 Be6 25. Nde3 Qc7 26. Nd5 Qf7 27. Nde3 Qc7 28.
Nd5 Qf7 29. Nde3 1/2-1/2

[Event "USA-ch U16"]
[Site "Rockville"]
[Date "2013.07.22"]
[Round "5"]
[White "Williams, Justus D"]
[Black "Krishnan, Varun"]
[Result "1-0"]
[WhiteElo "2200"]
[BlackElo "2244"]
[PlyCount "53"]
[EventDate "2013.07.20"]
[EventType "tourn"]
[EventRounds "7"]
[EventCountry "USA"]
[SourceTitle "OM OTB B 201907"]
[Source "Opening Master"]
[SourceDate "2019.07.06"]
[SourceVersion "2"]
[SourceVersionDate "2019.07.06"]
[SourceQuality "1"]

1. e4 c5 2. Nc3 Nc6 3. Nf3 d6 4. d4 cxd4 5. Nxd4 Nf6 6. Be2 e5 7. Nb3 Be7 8.
O-O O-O 9. Be3 a5 10. Bf3 a4 11. Nd2 a3 12. bxa3 Rxa3 13. Nb5 Ra6 14. Qe2 Be6
15. c4 Qd7 16. Nc3 Rfa8 17. Nd5 Bxd5 18. cxd5 Nb4 19. Nc4 Bd8 20. Qb2 Qa4 21.
Bd1 Qb5 22. Qb3 Rc8 23. Rc1 Nxe4 24. a4 Qxd5 25. Nb6 Rc3 26. Nxd5 Rxb3 27. Rc8
1-0

[Event "CHN-USA Summit (Women)"]
[Site "Ningbo"]
[Date "2013.07.22"]
[Round "4.4"]
[White "Melekhina, Alisa"]
[Black "Ju, Wenjun"]
[Result "0-1"]
[WhiteElo "2216"]
[BlackElo "2531"]
[PlyCount "88"]
[EventDate "2013.07.19"]
[EventType "schev"]
[EventRounds "5"]
[EventCountry "CHN"]
[SourceTitle "OM OTB B 201907"]
[Source "Opening Master"]
[SourceDate "2019.07.06"]
[SourceVersion "2"]
[SourceVersionDate "2019.07.06"]
[SourceQuality "1"]

1. e4 c5 2. Nf3 d6 3. d4 cxd4 4. Nxd4 Nf6 5. Nc3 Nc6 6. Be2 e5 7. Nb3 Be7 8.
Be3 Be6 9. f4 exf4 10. Bxf4 O-O 11. Qd2 a5 12. Nd4 Nxd4 13. Qxd4 d5 14. e5 Ne4
15. Nxe4 dxe4 16. Qxe4 Bd5 17. Qd3 Bxg2 18. Rg1 Bh4+ 19. Bg3 Qxd3 20. cxd3
Bxg3+ 21. hxg3 Bd5 22. Rf1 Rae8 23. d4 f6 24. Rd1 Re6 25. b3 Rfe8 26. Kf2 fxe5
27. dxe5 Rxe5 28. Rd2 Bc6 29. Bc4+ Kh8 30. Rfd1 Rf8+ 31. Kg1 Rg5 32. Rd3 h5 33.
Rf1 Re8 34. Rf4 b5 35. Bf7 Re2 36. Rd8+ Kh7 37. Bg8+ Kh6 38. Bf7 Rxg3+ 39. Kf1
Rxa2 40. Rd6+ Kg5 41. Rfd4 Bg2+ 42. Ke1 Re3+ 43. Kd1 Bf3+ 44. Kc1 Re1+ 0-1

[Event "Lueneburg op"]
[Site "Lueneburg"]
[Date "2013.07.20"]
[Round "6"]
[White "Schirmer, Werner"]
[Black "Ohme, Melanie"]
[Result "0-1"]
[WhiteElo "2028"]
[BlackElo "2303"]
[PlyCount "58"]
[EventDate "2013.07.15"]
[EventType "swiss"]
[EventRounds "7"]
[EventCountry "GER"]
[SourceTitle "OM OTB B 201907"]
[Source "Opening Master"]
[SourceDate "2019.07.06"]
[SourceVersion "2"]
[SourceVersionDate "2019.07.06"]
[SourceQuality "1"]

1. e4 c5 2. Nf3 Nc6 3. d4 cxd4 4. Nxd4 Nf6 5. Nc3 d6 6. Be2 e5 7. Nf3 h6 8. O-O
Be7 9. b3 O-O 10. Bb2 a6 11. a4 Be6 12. Nd2 Rc8 13. Nc4 Nxe4 14. Nxe4 d5 15.
Ned2 dxc4 16. Nxc4 Qc7 17. Bd3 f5 18. f3 Bf6 19. Qe1 Rce8 20. Ba3 Be7 21. Bxe7
Rxe7 22. Rd1 Kh8 23. Ne3 Nd4 24. Qb4 a5 25. Qd2 Rd8 26. Qf2 Red7 27. Bc4 f4 28.
Ng4 Bxc4 29. bxc4 h5 0-1

[Event "Andorra op 31st"]
[Site "La Massana"]
[Date "2013.07.20"]
[Round "1"]
[White "Houweling, Bert AF"]
[Black "Vovk, Andrey"]
[Result "0-1"]
[WhiteElo "2035"]
[BlackElo "2567"]
[PlyCount "44"]
[EventDate "2013.07.20"]
[EventType "swiss"]
[EventRounds "9"]
[EventCountry "AND"]
[SourceTitle "OM OTB B 201907"]
[Source "Opening Master"]
[SourceDate "2019.07.06"]
[SourceVersion "2"]
[SourceVersionDate "2019.07.06"]
[SourceQuality "1"]

1. e4 c5 2. Nf3 d6 3. d4 cxd4 4. Nxd4 Nf6 5. Nc3 Nc6 6. Be2 e5 7. Nb3 Be7 8.
O-O O-O 9. f4 a5 10. a4 Nb4 11. Kh1 Qc7 12. Be3 Be6 13. Rc1 Rfd8 14. fxe5 dxe5
15. Qe1 Nxc2 16. Rxc2 Bxb3 17. Rc1 Qd7 18. Qg3 Qe6 19. Rf5 Nxe4 20. Qxe5 Nxc3
21. bxc3 Qxe5 22. Rxe5 Bf6 0-1

[Event "Horsens Lang Weekend op"]
[Site "Horsens"]
[Date "2013.07.19"]
[Round "3"]
[White "Mikkelsen, Nikolaj"]
[Black "Olsen, Morten"]
[Result "1-0"]
[WhiteElo "2418"]
[BlackElo "1949"]
[PlyCount "36"]
[EventDate "2013.07.18"]
[EventType "swiss"]
[EventRounds "7"]
[EventCountry "DEN"]
[SourceTitle "OM OTB B 201907"]
[Source "Opening Master"]
[SourceDate "2019.07.06"]
[SourceVersion "2"]
[SourceVersionDate "2019.07.06"]
[SourceQuality "1"]

1. e4 c5 2. Nf3 d6 3. d4 cxd4 4. Nxd4 Nc6 5. Nc3 Nf6 6. Be2 e5 7. Nxc6 bxc6 8.
O-O Be6 9. Kh1 Qd7 10. f4 exf4 11. Bxf4 Be7 12. Qe1 h6 13. Rd1 Rb8 14. Qg3 Rxb2
15. e5 Nd5 16. Qxg7 Rf8 17. Nxd5 Bxd5 18. exd6 Qd8 1-0

[Event "Vaujany op"]
[Site "Vaujany"]
[Date "2013.07.13"]
[Round "3"]
[White "Olivier, Jean Christophe"]
[Black "Vovk, Andrey"]
[Result "0-1"]
[WhiteElo "2350"]
[BlackElo "2567"]
[PlyCount "84"]
[EventDate "2013.07.11"]
[EventType "swiss"]
[EventRounds "9"]
[EventCountry "FRA"]
[SourceTitle "OM OTB B 201907"]
[Source "Opening Master"]
[SourceDate "2019.07.06"]
[SourceVersion "2"]
[SourceVersionDate "2019.07.06"]
[SourceQuality "1"]

1. e4 c5 2. Nf3 d6 3. d4 cxd4 4. Nxd4 Nf6 5. Nc3 Nc6 6. Be2 e5 7. Nf3 h6 8. O-O
Be7 9. Re1 O-O 10. Bf1 Bg4 11. h3 Bh5 12. g4 Bg6 13. Bg2 Rc8 14. Nh4 Bxe4 15.
Nxe4 Nxe4 16. Ng6 fxg6 17. Bxe4 Bh4 18. Be3 Qf6 19. Re2 Kh7 20. c3 Rcd8 21. Bd5
Bg5 22. Qd2 Bf4 23. Bxf4 exf4 24. Re6 Qh4 25. Bxc6 f3 26. Qd3 Qxh3 27. Bxf3
Qxf3 28. Qxf3 Rxf3 29. Rd1 Rdf8 30. Rd2 R3f4 31. Re7 Rxg4+ 32. Kf1 h5 33. Rxb7
h4 34. Rb4 Rxb4 35. cxb4 Rd8 36. Rd5 Kh6 37. Kg2 g5 38. Kh3 g6 39. Kg4 Rf8 40.
Rxd6 Rxf2 41. a3 Rxb2 42. Ra6 Rb3 0-1

[Event "SRB Central-ch op-A 6th"]
[Site "Paracin"]
[Date "2013.07.12"]
[Round "9"]
[White "Budimir, Boris"]
[Black "Stojkovska, Monika"]
[Result "1/2-1/2"]
[WhiteElo "2253"]
[BlackElo "2005"]
[PlyCount "66"]
[EventDate "2013.07.05"]
[EventType "swiss"]
[EventRounds "9"]
[EventCountry "SRB"]
[SourceTitle "OM OTB B 201907"]
[Source "Opening Master"]
[SourceDate "2019.07.06"]
[SourceVersion "2"]
[SourceVersionDate "2019.07.06"]
[SourceQuality "1"]

1. e4 c5 2. Nf3 d6 3. d4 cxd4 4. Nxd4 Nf6 5. Nc3 Nc6 6. Be2 e5 7. Nb3 Be7 8.
O-O Be6 9. Be3 a5 10. Nd5 Bxd5 11. exd5 Nb8 12. a4 O-O 13. Qd3 Nbd7 14. Nd2 Nb6
15. c4 Nfd7 16. f4 exf4 17. Bxf4 Nc5 18. Qc2 Bg5 19. Ne4 Bxf4 20. Rxf4 Nxe4 21.
Rxe4 Nd7 22. Kh1 Nc5 23. Rf4 Qe7 24. Raf1 Rae8 25. Bd1 Qe5 26. Qd2 h6 27. Bc2
Qe3 28. Qd1 Qe2 29. Qc1 Nd3 30. Bxd3 Qxd3 31. R4f3 Qd4 32. Rf4 Qd3 33. R4f3 Qd4
1/2-1/2

[Event "Barbera del Valles op 36th"]
[Site "Barbera del Valles"]
[Date "2013.07.11"]
[Round "8"]
[White "Carrasco Rodriguez, Jesus"]
[Black "Plukkel, Sjoerd"]
[Result "0-1"]
[WhiteElo "2183"]
[BlackElo "2314"]
[PlyCount "82"]
[EventDate "2013.07.04"]
[EventType "swiss"]
[EventRounds "9"]
[EventCountry "ESP"]
[SourceTitle "OM OTB B 201907"]
[Source "Opening Master"]
[SourceDate "2019.07.06"]
[SourceVersion "2"]
[SourceVersionDate "2019.07.06"]
[SourceQuality "1"]

1. e4 c5 2. Nf3 d6 3. d4 cxd4 4. Nxd4 Nf6 5. Nc3 Nc6 6. Be2 e5 7. Nb3 Be7 8.
O-O O-O 9. Be3 a5 10. Nd2 Be6 11. Nc4 b5 12. Nb6 Rb8 13. Nbd5 b4 14. Nb5 Nxe4
15. Nxe7+ Nxe7 16. f3 Nd5 17. Ba7 Nef6 18. Bxb8 Qxb8 19. Re1 Qb6+ 20. Kh1 Ne3
21. Qd2 d5 22. a4 Neg4 23. h3 Nf2+ 24. Kh2 Nxh3 25. Bd3 Nf2 26. Rf1 Nxd3 27.
cxd3 d4 28. Rfe1 Qb8 29. Kg1 Nd5 30. Rac1 Nf4 31. Nc7 f6 32. g3 Nh3+ 33. Kg2
Bd7 34. Qc2 Ng5 35. Qc4+ Kh8 36. Qd5 Bxa4 37. Ne6 Nxe6 38. Qxe6 Bb5 39. Rc5
Bxd3 40. Rec1 Qe8 41. Qd5 e4 0-1

[Event "Wroclaw op-B 8th"]
[Site "Wroclaw"]
[Date "2013.07.09"]
[Round "9"]
[White "Miszkielo, Bartosz"]
[Black "Rossienik, Wieslaw"]
[Result "1-0"]
[WhiteElo "1629"]
[BlackElo "1489"]
[PlyCount "71"]
[EventDate "2013.07.01"]
[EventType "swiss"]
[EventRounds "9"]
[EventCountry "POL"]
[SourceTitle "OM OTB B 201907"]
[Source "Opening Master"]
[SourceDate "2019.07.06"]
[SourceVersion "2"]
[SourceVersionDate "2019.07.06"]
[SourceQuality "1"]

1. e4 c5 2. Nf3 Nc6 3. d4 cxd4 4. Nxd4 Nf6 5. Nc3 d6 6. Be2 e5 7. Nb3 Be6 8.
Bf3 a5 9. Be3 a4 10. Nc1 Ne7 11. Nd3 Qa5 12. O-O d5 13. exd5 Nexd5 14. Nxd5
Nxd5 15. Bxd5 Qxd5 16. Qe2 Be7 17. b3 f6 18. c4 Qc6 19. Nb2 axb3 20. axb3 O-O
21. h3 Bc5 22. Nd3 Bxe3 23. Qxe3 b5 24. Nb4 Qb7 25. c5 Rxa1 26. Rxa1 Qc7 27. c6
Qd6 28. Qc3 Qd4 29. Rc1 Rc8 30. c7 Bd7 31. Qxd4 exd4 32. Nd5 Kf7 33. Nb6 Ke7
34. Nxc8+ Bxc8 35. Kf1 b4 36. Ke2 1-0

[Event "GRE-chT 41st"]
[Site "Achaia"]
[Date "2013.07.07"]
[Round "7.5"]
[White "Stoumbou, Eleni"]
[Black "Zawadzka, Jolanta"]
[Result "0-1"]
[WhiteElo "1899"]
[BlackElo "2393"]
[PlyCount "54"]
[EventDate "2013.07.02"]
[EventType "team-swiss"]
[EventRounds "7"]
[EventCountry "GRE"]
[SourceTitle "OM OTB B 201907"]
[Source "Opening Master"]
[SourceDate "2019.07.06"]
[SourceVersion "2"]
[SourceVersionDate "2019.07.06"]
[SourceQuality "1"]

1. e4 c5 2. Nf3 Nc6 3. d4 cxd4 4. Nxd4 Nf6 5. Nc3 d6 6. Be2 e5 7. Nb3 Be7 8.
Bg5 Be6 9. Bxf6 Bxf6 10. Bg4 O-O 11. O-O Qd7 12. h3 Bg5 13. Qe2 g6 14. Bxe6
fxe6 15. Rad1 Rad8 16. Qg4 Qe7 17. g3 Bf6 18. h4 Bg7 19. a3 a6 20. Kg2 b5 21.
h5 Rf6 22. hxg6 Rxg6 23. Qe2 Qf7 24. a4 b4 25. Qxa6 Nb8 26. Qb6 Rf8 27. Qxb4
Qf3+ 0-1

[Event "Milan SSM op"]
[Site "Milan"]
[Date "2013.07.07"]
[Round "5"]
[White "Casamassima, Paolo"]
[Black "Montani, Francesco"]
[Result "0-1"]
[WhiteElo "1666"]
[BlackElo "2195"]
[PlyCount "72"]
[EventDate "2013.07.04"]
[EventType "swiss"]
[EventRounds "5"]
[EventCountry "ITA"]
[SourceTitle "OM OTB B 201907"]
[Source "Opening Master"]
[SourceDate "2019.07.06"]
[SourceVersion "2"]
[SourceVersionDate "2019.07.06"]
[SourceQuality "1"]

1. e4 c5 2. Nf3 d6 3. d4 cxd4 4. Nxd4 Nf6 5. Nc3 Nc6 6. Be2 e5 7. Nb3 Be7 8.
O-O O-O 9. Kh1 a5 10. a4 Nb4 11. Bf3 Be6 12. Nd5 Bxd5 13. exd5 e4 14. Be2 Nbxd5
15. Nd4 Re8 16. f3 Bf8 17. fxe4 Nxe4 18. Bf3 Ndf6 19. Qd3 d5 20. b3 Rc8 21. Bb2
Bb4 22. Nb5 Bc5 23. Nd4 Qc7 24. Rac1 Qe5 25. c3 Bd6 26. g3 h5 27. Bg2 Ng4 28.
Rc2 h4 29. Nf3 Nxg3+ 30. hxg3 Qxg3 31. c4 dxc4 32. Qd4 Be5 33. Qg1 Bxb2 34.
Rxb2 c3 35. Rc2 h3 36. Nd4 h2 0-1

[Event "TUR-chT"]
[Site "Denizli"]
[Date "2013.07.06"]
[Round "8.6"]
[White "Isgandarova, Khayala Ilqar Qizi"]
[Black "Yuksel, Atilla Koksal"]
[Result "0-1"]
[WhiteElo "2213"]
[BlackElo "2001"]
[PlyCount "48"]
[EventDate "2013.06.29"]
[EventType "team-tourn"]
[EventRounds "13"]
[EventCountry "TUR"]
[SourceTitle "OM OTB B 201907"]
[Source "Opening Master"]
[SourceDate "2019.07.06"]
[SourceVersion "2"]
[SourceVersionDate "2019.07.06"]
[SourceQuality "1"]

1. e4 c5 2. Nf3 Nc6 3. d4 cxd4 4. Nxd4 Nf6 5. Nc3 d6 6. Be2 e5 7. Nb3 Be7 8.
O-O O-O 9. Be3 a5 10. a4 Nb4 11. f4 Be6 12. Kh1 Rc8 13. Nd2 d5 14. fxe5 Nxe4
15. Ndxe4 dxe4 16. Qxd8 Rfxd8 17. Rac1 Nd5 18. Nxd5 Rxd5 19. Rf4 Bg5 20. Rxe4
Bf5 21. Bg4 Bxe4 22. Bxg5 Rxc2 23. Re1 Rxe5 24. Bf3 f5 0-1

[Event "Klatovy op-A"]
[Site "Klatovy"]
[Date "2013.07.06"]
[Round "8"]
[White "Simek, Petr"]
[Black "Vlasak, Lukas"]
[Result "1/2-1/2"]
[WhiteElo "2378"]
[BlackElo "2296"]
[PlyCount "116"]
[EventDate "2013.06.29"]
[EventType "swiss"]
[EventRounds "9"]
[EventCountry "CZE"]
[SourceTitle "OM OTB B 201907"]
[Source "Opening Master"]
[SourceDate "2019.07.06"]
[SourceVersion "2"]
[SourceVersionDate "2019.07.06"]
[SourceQuality "1"]

1. e4 c5 2. Nf3 d6 3. d4 cxd4 4. Nxd4 Nf6 5. Nc3 Nc6 6. Be2 e5 7. Nf3 h6 8. O-O
Be7 9. Re1 O-O 10. h3 Be6 11. Bf1 Qa5 12. Nb5 a6 13. Nxd6 Qc7 14. Nf5 Bxf5 15.
exf5 e4 16. Nd4 Nxd4 17. Qxd4 Rfd8 18. Qc3 Qxc3 19. bxc3 Rac8 20. c4 Bb4 21.
Re3 Bc5 22. Rb3 Rd1 23. Rab1 Ne8 24. Rxb7 Nd6 25. Be3 Rxb1 26. Rxb1 Nxf5 27.
Bxc5 Rxc5 28. Rd1 Rc6 29. Rd8+ Kh7 30. Rd5 Nd6 31. c5 Nb7 32. Rd7 Nxc5 33. Rxf7
Na4 34. Ra7 Rxc2 35. Bxa6 Nc3 36. a3 Nd1 37. f3 Ne3 38. fxe4 Rxg2+ 39. Kh1 Ra2
40. Bb5 Kg6 41. a4 Kg5 42. Rxg7+ Kf4 43. Ba6 Rc2 44. Bb7 Rc1+ 45. Rg1 Rc7 46.
Rb1 Nc4 47. Bd5 Nd2 48. Rb7 Rc2 49. e5 Kxe5 50. Bg2 Kf4 51. Rf7+ Kg3 52. Rg7+
Kf2 53. Rf7+ Kg3 54. Rg7+ Kf2 55. a5 Ra2 56. Rf7+ Kg3 57. Rg7+ Kf2 58. Rf7+ Kg3
1/2-1/2

[Event "San Jose op"]
[Site "San Jose"]
[Date "2013.07.06"]
[Round "4"]
[White "Ramirez Arroyo, Joan Emmanuel"]
[Black "Peraza Alvarez, Rafael Eduardo"]
[Result "1/2-1/2"]
[WhiteElo "2055"]
[BlackElo "2054"]
[PlyCount "53"]
[EventDate "2013.06.29"]
[EventType "swiss"]
[EventRounds "9"]
[EventCountry "CRI"]
[SourceTitle "OM OTB B 201907"]
[Source "Opening Master"]
[SourceDate "2019.07.06"]
[SourceVersion "2"]
[SourceVersionDate "2019.07.06"]
[SourceQuality "1"]

1. e4 c5 2. Nf3 Nc6 3. d4 cxd4 4. Nxd4 Nf6 5. Nc3 d6 6. Be2 e5 7. Nb3 h6 8. O-O
Be6 9. Be3 Be7 10. f4 exf4 11. Bxf4 a6 12. Kh1 O-O 13. Nd4 Nxd4 14. Qxd4 Rc8
15. Rad1 Rc6 16. Bf3 Rc4 17. Qd2 b5 18. a3 Ng4 19. Qe2 Rxc3 20. bxc3 Bc4 21.
Qd2 Bxf1 22. Bxg4 Bc4 23. Bxd6 Bxd6 24. Qxd6 Qg5 25. Bf3 a5 26. Qb6 a4 27. Qd6
1/2-1/2

[Event "FICS unrated standard game"]
[Site "FICS freechess.org"]
[Date "2013.07.06"]
[Round "?"]
[White "FMSimek"]
[Black "FMVlasak"]
[Result "1/2-1/2"]
[WhiteElo "2378"]
[BlackElo "2296"]
[PlyCount "117"]
[EventDate "2013.??.??"]

1. e4 c5 2. Nf3 d6 3. d4 cxd4 4. Nxd4 Nf6 5. Nc3 Nc6 6. Be2 e5 7. Nf3 h6 8. O-O
Be7 9. Re1 O-O 10. h3 Be6 11. Bf1 Qa5 12. Nb5 a6 13. Nxd6 Qc7 14. Nf5 Bxf5 15.
exf5 e4 16. Nd4 Nxd4 17. Qxd4 Rfd8 18. Qc3 Qxc3 19. bxc3 Rac8 20. c4 Bb4 21.
Re3 Bc5 22. Rb3 Rd1 23. Rab1 Ne8 24. Rxb7 Nd6 25. Be3 Rxb1 26. Rxb1 Nxf5 27.
Bxc5 Rxc5 28. Rd1 Rc6 29. Rd8+ Kh7 30. Rd5 Nd6 31. c5 Nb7 32. Rd7 Nxc5 33. Rxf7
Na4 34. Ra7 Rxc2 35. Bxa6 Nc3 36. a3 Nd1 37. f3 Ne3 38. fxe4 Rxg2+ 39. Kh1 Ra2
40. Bb5 Kg6 41. a4 Kg5 42. Rxg7+ Kf4 43. Bc6 Rc2 44. Bb7 Rc1+ 45. Rg1 Rc7 46.
Rb1 Nc4 47. Bd5 Nd2 48. Rb7 Rc2 49. e5 Kxe5 50. Bg2 Kf4 51. Rf7+ Kg3 52. Rg7+
Kf2 53. Rf7+ Kg3 54. Rg7+ Kf2 55. a5 Ra2 56. Rf7+ Kg3 57. Rg7+ Kf2 58. Rf7+ Kg3
59. Rg7+ 1/2-1/2